Jogadores Campeões da Libertadores - Morte Súbita - Statistics

Estatísticas Gerais
  • Esse quiz foi jogado 289 vezes
  • A pontuação média é 13 de 30
Answers on the Grid
Answers color-coded by a green-red scale on the quiz's grid according to % correct below.
Abbondanzieri
Aloísio Chulapa
Alvaro Recoba
Amoroso
Andrés D'alessandro
Angel Di Maria
Arrascaeta
Bernard
Carlos Valderrama
Clemer
Diego Forlán
Diego Tardelli
Enzo Francescoli
Fabio Santos
Fernandão
Gabriel Barbosa
Ganso
Gustavo Gómez
Jorge Wagner
Kaká
Luís Fabiano
Luís Suarez
Luizão
Mané Garrincha
Maradona
Martin Palermo
Mauro Boselli
Neymar
Paulo Nunes
Raphael Veiga
Renato Gaúcho
Riquelme
Rivaldo
Rogério Ceni
Romário
Ronaldinho Gaúcho
Ronaldo Fenômeno
Sebastian Verón
Tevez
Walter Kannemann
Zico
 
Estatísticas das Respostas
Resposta % Correto
Arrascaeta
77%
Andrés D'alessandro
63%
Ganso
62%
Neymar
62%
Gabriel Barbosa
60%
Rogério Ceni
59%
Gustavo Gómez
56%
56%
Bernard
54%
Diego Tardelli
53%
Zico
53%
Fabio Santos
51%
Raphael Veiga
50%
Ronaldinho Gaúcho
50%
Riquelme
47%
Aloísio Chulapa
46%
Fernandão
46%
Amoroso
43%
Walter Kannemann
41%
Renato Gaúcho
39%
Sebastian Verón
33%
Tevez
32%
Abbondanzieri
28%
Clemer
28%
Martin Palermo
26%
Paulo Nunes
26%
Luizão
23%
Mauro Boselli
20%
Jorge Wagner
16%
Enzo Francescoli
12%
Nenhum quiz correspondente encontrado
Distribuição das Pontuações
Porcentagem de Pessoas com Cada Pontuação
Percentil de Números Respondidos
Sua Pontuação Histórica
Você não jogou esse quiz